00447 2200169 4500001002100000005001500021035002000036245006900056100001800125250000600143300003300149260004700182082000800229084001400237600001400251990001200265INLIS00000000000235120250528104905 a0010-05250006431 aKisah Sabilullah dan Cut Nyak Dien di Tnah Aceh /cAdisurya Abdy0 aAdisurya Abdy a1 a280 :bIlust ;c14.5 x 21 cm aJakarta :bPT Bina Sumber daya mipa,c2013 a297 a297 ADI k 4aNon Fiksi a0754570